[Event "23rd EUR-ch"]
[Site "Vrnjacka Banja SRB"]
[Date "2023.03.04"]
[Round "2.235"]
[White "Kamenov, Valentin"]
[Black "Sahin, Ozgun"]
[Result "0-1"]
[WhiteElo "1704"]
[BlackElo "2177"]
[EventDate "2023.03.03"]
[PlyCount "106"]

1.Nf3 c5 2.g3 Nc6 3.Bg2 g6 4.O-O Bg7 5.d3 e6 6.Nbd2 d5 7.Re1 Nge7 8.e4 O-O
9.Nf1 b5 10.Rb1 Bb7 11.Bg5 h6 12.Be3 c4 13.Bc5 Re8 14.dxc4 bxc4 15.exd5 
Nxd5 16.Qe2 Qa5 17.Be3 Ba6 18.c3 Rad8 19.Bd2 Qc7 20.Ne3 Nxe3 21.Bxe3 Rd3 
22.Red1 e5 23.Ne1 Rxd1 24.Rxd1 Bb5 25.Rd5 a6 26.a4 Bxa4 27.Qxc4 Bb5 28.
Rxb5 axb5 29.Qxc6 Qxc6 30.Bxc6 Rd8 31.Kf1 Rd1 32.Bxb5 Rb1 33.b4 e4 34.Bd4 
Bxd4 35.cxd4 Rxb4 36.Bc6 Rxd4 37.Ke2 Rb4 38.h4 Kg7 39.Ke3 f5 40.Bd7 Kf6 
41.Nc2 Rb3+ 42.Ke2 Rb2 43.Kd1 Ke5 44.Kc1 Rb3 45.Ne3 Rc3+ 46.Kb1 Rd3 47.Be8
g5 48.hxg5 hxg5 49.Kc2 f4 50.gxf4+ gxf4 51.Nc4+ Kd4 52.Nb2 Rc3+ 53.Kb1 Rc5
0-1

[Event "23rd EUR-ch"]
[Site "Vrnjacka Banja SRB"]
[Date "2023.03.04"]
[Round "2.236"]
[White "Lakusic, Zoran"]
[Black "Zlatkov, Anton"]
[Result "0-1"]
[WhiteElo "1641"]
[BlackElo "2174"]
[EventDate "2023.03.03"]
[PlyCount "66"]

1.c4 Nf6 2.Nc3 g6 3.Nf3 Bg7 4.e4 d6 5.h3 O-O 6.d3 c5 7.Be2 Nc6 8.Be3 Ne8 
9.Qd2 Nd4 10.Bh6 Nc2+ 11.Qxc2 Bxh6 12.Nh2 Nc7 13.O-O Ne6 14.Ng4 Bg7 15.Qd2
Nd4 16.Bd1 a6 17.a4 Bd7 18.a5 f5 19.Nh2 Bc6 20.Nf3 e6 21.Re1 Qd7 22.Nxd4 
cxd4 23.Na4 Qe7 24.Nb6 Rae8 25.Ba4 fxe4 26.Bxc6 e3 27.fxe3 bxc6 28.exd4 
Bxd4+ 29.Kh1 Rf2 30.Re2 Ref8 31.Rae1 Qh4 32.Nd7 Rf1+ 33.Kh2 Bg1+ 0-1

[Event "23rd EUR-ch"]
[Site "Vrnjacka Banja SRB"]
[Date "2023.03.04"]
[Round "2.237"]
[White "Safar, Sandro"]
[Black "Lazovic, Emilija"]
[Result "1-0"]
[WhiteElo "2173"]
[BlackElo "1594"]
[EventDate "2023.03.03"]
[PlyCount "57"]

1.e4 c5 2.Nc3 Nc6 3.f4 g6 4.Nf3 Bg7 5.d3 e6 6.g3 Nge7 7.Bg2 O-O 8.O-O Rb8 
9.a4 a6 10.Kh1 d6 11.Ne2 f5 12.c3 b5 13.axb5 axb5 14.Be3 b4 15.e5 Nd5 16.
Qd2 bxc3 17.bxc3 Rf7 18.Rab1 Ra8 19.h3 Rfa7 20.Rb2 Ra5 21.d4 cxd4 22.Nexd4
Nxd4 23.Bxd4 Ba6 24.Rc1 Bc4 25.exd6 Bf8 26.Ne5 Rc8 27.Nxc4 Rxc4 28.Qe2 Qc8
29.d7 1-0

[Event "23rd EUR-ch"]
[Site "Vrnjacka Banja SRB"]
[Date "2023.03.04"]
[Round "2.238"]
[White "Alexandri, Dimitra"]
[Black "Andrijashkin, Deniss"]
[Result "0-1"]
[WhiteElo "1586"]
[BlackElo "2164"]
[EventDate "2023.03.03"]
[PlyCount "74"]

1.d4 d6 2.Nf3 g6 3.e4 Bg7 4.Nc3 a6 5.Be3 b5 6.a3 Bb7 7.h4 Nf6 8.Nd2 h5 9.
f3 Nbd7 10.Nb3 Rc8 11.d5 c5 12.dxc6 Bxc6 13.Nd4 Bb7 14.Qd2 Ne5 15.Be2 d5 
16.f4 Nc4 17.Bxc4 dxc4 18.e5 Ng4 19.Nf3 O-O 20.O-O Qxd2 21.Bxd2 f6 22.exf6
exf6 23.Rae1 Rfd8 24.Bc1 Bf8 25.g3 Bc5+ 26.Kg2 Re8 27.Rd1 a5 28.Rfe1 b4 
29.Na4 Bf2 30.Rf1 Re2 31.Rd2 Rce8 32.Rxe2 Rxe2 33.Rd1 Be3+ 34.Kf1 Bxf3 35.
Rd8+ Kf7 36.Bxe3 Nxe3+ 37.Kg1 Rg2+ 0-1

[Event "23rd EUR-ch"]
[Site "Vrnjacka Banja SRB"]
[Date "2023.03.04"]
[Round "2.239"]
[White "Manukian, Sargis A."]
[Black "Mandryka, Vladislav"]
[Result "1/2-1/2"]
[WhiteElo "2163"]
[BlackElo "1465"]
[EventDate "2023.03.03"]
[PlyCount "42"]

1.d4 Nf6 2.c4 e6 3.Nc3 Bb4 4.a3 Bxc3+ 5.bxc3 c5 6.e3 O-O 7.Bd3 Nc6 8.Ne2 
b6 9.O-O Ba6 10.e4 Ne8 11.Ng3 Na5 12.f4 Bxc4 13.Bxc4 Nxc4 14.f5 cxd4 15.
cxd4 f6 16.Rb1 Rc8 17.Bf4 Ned6 18.Rb4 Qe8 19.Rb3 exf5 20.Nxf5 Nxf5 21.exf5
Rf7 1/2-1/2

[Event "23rd EUR-ch"]
[Site "Vrnjacka Banja SRB"]
[Date "2023.03.05"]
[Round "3.1"]
[White "Paravyan, David"]
[Black "Sargissian, Gabriel"]
[Result "1/2-1/2"]
[WhiteElo "2584"]
[BlackElo "2699"]
[EventDate "2023.03.03"]
[PlyCount "107"]

1.e4 e5 2.Nf3 Nc6 3.Bb5 a6 4.Ba4 Nf6 5.O-O Be7 6.d3 b5 7.Bb3 d6 8.a3 Na5 
9.Ba2 c5 10.Nc3 Be6 11.Nh4 c4 12.Nf5 Bxf5 13.exf5 d5 14.Bg5 O-O 15.Bxf6 
Bxf6 16.Qf3 e4 17.dxe4 Bxc3 18.Qxc3 dxe4 19.Rad1 Qb6 20.Qd4 Qxd4 21.Rxd4 
Rfe8 22.Re1 Nc6 23.Rd6 Rac8 24.Kf1 Kf8 25.Ke2 Red8 26.Red1 Ke7 27.Rxd8 
Nxd8 28.Rd4 Nb7 29.Rxe4+ Kf6 30.g4 Nc5 31.Re3 h5 32.h3 hxg4 33.hxg4 Kg5 
34.b3 cxb3 35.cxb3 Kf4 36.Bb1 Kxg4 37.Re7 Nxb3 38.Rxf7 Kf4 39.f6 gxf6 40.
Rxf6+ Ke5 41.Rxa6 Rc3 42.Ra8 Nd4+ 43.Kd2 Rf3 44.Re8+ Kd6 45.Bd3 Ne6 46.
Bxb5 Rxf2+ 47.Ke3 Rf8 48.Rxf8 Nxf8 49.Kd4 Ne6+ 50.Kc4 Kc7 51.a4 Nd8 52.a5 
Nb7 53.Kb4 Nxa5 54.Kxa5 1/2-1/2

[Event "23rd EUR-ch"]
[Site "Vrnjacka Banja SRB"]
[Date "2023.03.05"]
[Round "3.2"]
[White "Navara, David"]
[Black "Azarov, Sergei"]
[Result "1/2-1/2"]
[WhiteElo "2685"]
[BlackElo "2559"]
[EventDate "2023.03.03"]
[PlyCount "95"]

1.e4 c5 2.Nf3 Nc6 3.Bb5 Nf6 4.Nc3 Qc7 5.O-O Nd4 6.Re1 a6 7.Bf1 Ng4 8.e5 
Nxf3+ 9.Qxf3 Nxe5 10.Qe4 d6 11.d4 cxd4 12.Nd5 Qd8 13.Qxd4 e6 14.f4 exd5 
15.fxe5 Be6 16.Bf4 Qc7 17.exd6 Bxd6 18.Bxd6 Qxd6 19.Qxg7 O-O-O 20.Rad1 d4 
21.Re4 Rhg8 22.Qf6 Qc6 23.Rexd4 Rxd4 24.Rxd4 Qxc2 25.Qe5 Rd8 26.a3 Rxd4 
27.Qxd4 Kc7 28.h3 h6 29.Kh2 Qf5 30.Bd3 Qd5 31.Qf4+ Kb6 32.Qb4+ Kc7 33.Be4 
Qe5+ 34.Kg1 Bc8 35.Kf2 a5 36.Qc3+ Qxc3 37.bxc3 Kd6 38.Kg3 Ke5 39.Bf3 b6 
40.Kh4 Kf6 41.Bd5 Kg6 42.Kg3 f5 43.Kf4 Kf6 44.g3 Bd7 45.Bc4 Bc8 46.Bb5 Be6
47.Ba6 Bd7 48.Bc4 1/2-1/2

[Event "23rd EUR-ch"]
[Site "Vrnjacka Banja SRB"]
[Date "2023.03.05"]
[Round "3.3"]
[White "Kadric, Denis"]
[Black "Moussard, Jules"]
[Result "1-0"]
[WhiteElo "2583"]
[BlackElo "2684"]
[EventDate "2023.03.03"]
[PlyCount "87"]

1.e4 c5 2.Nc3 d6 3.f4 g6 4.Nf3 Bg7 5.Bb5+ Bd7 6.a4 Nc6 7.O-O Nd4 8.d3 e6 
9.e5 Nxb5 10.axb5 d5 11.d4 b6 12.Be3 Qc8 13.Ra6 c4 14.Qa1 Qc7 15.Bf2 Ne7 
16.Qa3 Bc8 17.Ra4 Bf8 18.b4 cxb3 19.cxb3 Bd7 20.Rc1 Qb7 21.Qa2 Bg7 22.Ra1 
Qc7 23.Be1 Nc8 24.Qa3 Bf8 25.Qc1 Be7 26.R4a2 Qb7 27.Qe3 h6 28.Qd3 Kf8 29.
h3 Kg7 30.g4 h5 31.Rg2 Kf8 32.Bd2 Bd8 33.Nd1 hxg4 34.hxg4 Rh3 35.Kf2 Be8 
36.Nc3 Qe7 37.g5 Qb4 38.Rh2 Rxh2+ 39.Nxh2 Qxb3 40.Ng4 Qc4 41.Qxc4 dxc4 42.
Rh1 Ke7 43.Nf6 Bc7 44.Nce4 1-0

[Event "23rd EUR-ch"]
[Site "Vrnjacka Banja SRB"]
[Date "2023.03.05"]
[Round "3.4"]
[White "Kobalia, Mikhail"]
[Black "Gelfand, Boris"]
[Result "1/2-1/2"]
[WhiteElo "2577"]
[BlackElo "2674"]
[EventDate "2023.03.03"]
[PlyCount "68"]

1.e4 c5 2.Nf3 e6 3.g3 d5 4.exd5 exd5 5.d4 cxd4 6.Nxd4 Nc6 7.Bg2 Bc5 8.Nxc6
bxc6 9.O-O Nf6 10.Re1+ Be6 11.Nd2 Qb6 12.Qf3 O-O 13.Nb3 Be7 14.Bf4 c5 15.
Be5 a5 16.c4 d4 17.Qc6 Qxc6 18.Bxc6 Ra7 19.Bxf6 Bxf6 20.Nxc5 Bxc4 21.b3 
Be2 22.Ne4 d3 23.Nxf6+ gxf6 24.Kg2 Rc8 25.Bf3 d2 26.Rxe2 Rc1 27.Rxd2 Rxa1 
28.Be2 a4 29.bxa4 Rxa4 30.Rd7 R1xa2 31.Bh5 Ra7 32.Bxf7+ Kg7 33.Bxa2+ Rxd7 
34.Be6 Rd2 1/2-1/2

[Event "23rd EUR-ch"]
[Site "Vrnjacka Banja SRB"]
[Date "2023.03.05"]
[Round "3.5"]
[White "Saric, Ivan"]
[Black "Murzin, Volodar"]
[Result "1/2-1/2"]
[WhiteElo "2674"]
[BlackElo "2554"]
[EventDate "2023.03.03"]
[PlyCount "79"]

1.e4 e5 2.Nf3 Nc6 3.Bb5 a6 4.Ba4 Nf6 5.O-O b5 6.Bb3 Bc5 7.c3 d6 8.d4 Bb6 
9.Be3 O-O 10.Nbd2 Bg4 11.h3 Bh5 12.g4 Bg6 13.dxe5 dxe5 14.Bxb6 cxb6 15.Qe2
Qc7 16.Rfd1 Rfd8 17.Rac1 Na5 18.Bc2 Nc4 19.Nxc4 bxc4 20.Nd2 b5 21.Nf1 Rxd1
22.Rxd1 Rd8 23.Rxd8+ Qxd8 24.Ng3 h6 25.h4 Qd6 26.h5 Bh7 27.b3 Qc7 28.bxc4 
Qxc4 29.Qd2 Qc7 30.f3 Kf8 31.Nf1 Nd7 32.Ne3 f6 33.Bb3 Bg8 34.Nf5 Nc5 35.
Bxg8 Kxg8 36.Qd5+ Kh7 37.Kg2 Na4 38.Qe6 Qc4 39.Qe8 Qe2+ 40.Kg3 1/2-1/2

[Event "23rd EUR-ch"]
[Site "Vrnjacka Banja SRB"]
[Date "2023.03.05"]
[Round "3.6"]
[White "Goriachkina, Aleksandra"]
[Black "Sarana, Alexei"]
[Result "1/2-1/2"]
[WhiteElo "2576"]
[BlackElo "2668"]
[EventDate "2023.03.03"]
[PlyCount "51"]

1.c4 Nf6 2.Nc3 c5 3.Nf3 Nc6 4.g3 g6 5.Bg2 Bg7 6.d4 cxd4 7.Nxd4 h5 8.Nf3 d6
9.O-O Bd7 10.Bg5 Rc8 11.Rc1 Qa5 12.Qd2 Bf5 13.b3 Ne4 14.Nxe4 Bxe4 15.Qe3 
Bxf3 16.Bxf3 O-O 17.Qd2 Qxd2 18.Bxd2 Nd4 19.Kg2 Nxf3 20.Kxf3 f5 21.Rfd1 
Rc6 22.Be3 Rfc8 23.c5 a6 24.cxd6 exd6 25.Rxc6 Rxc6 26.Bf4 1/2-1/2

[Event "23rd EUR-ch"]
[Site "Vrnjacka Banja SRB"]
[Date "2023.03.05"]
[Round "3.7"]
[White "Shevchenko, Kirill"]
[Black "Kozak, Adam"]
[Result "1/2-1/2"]
[WhiteElo "2668"]
[BlackElo "2552"]
[EventDate "2023.03.03"]
[PlyCount "41"]

1.e4 e5 2.Nf3 Nc6 3.Bb5 Nf6 4.d3 Bc5 5.Bxc6 dxc6 6.O-O Nd7 7.Nbd2 O-O 8.
Nc4 Re8 9.Bd2 Bd6 10.Bc3 f6 11.Nh4 Nf8 12.Nf5 Ng6 13.Qg4 Bxf5 14.exf5 Qd7 
15.Na5 b5 16.Nxc6 Nf4 17.Na5 h5 18.Qf3 Qxf5 19.Bd2 e4 20.dxe4 Qxe4 21.Qxe4
1/2-1/2

[Event "23rd EUR-ch"]
[Site "Vrnjacka Banja SRB"]
[Date "2023.03.05"]
[Round "3.8"]
[White "Livaic, Leon"]
[Black "Naer, Evgeny"]
[Result "1/2-1/2"]
[WhiteElo "2569"]
[BlackElo "2666"]
[EventDate "2023.03.03"]
[PlyCount "61"]

1.d4 Nf6 2.Nf3 e6 3.c4 d5 4.Nc3 c6 5.cxd5 exd5 6.Bf4 Bd6 7.Bxd6 Qxd6 8.e3 
Bf5 9.Nh4 Be6 10.Bd3 O-O 11.O-O Nbd7 12.h3 Qe7 13.Nf3 g6 14.Re1 Ne4 15.
Nxe4 dxe4 16.Bxe4 Bxh3 17.Nd2 Be6 18.Bf3 Nf6 19.Nb3 h5 20.Nc5 Bg4 21.e4 
Bxf3 22.Qxf3 Nh7 23.Rad1 Rad8 24.Qe3 Ng5 25.Nxb7 Qxb7 26.Qxg5 Qxb2 27.Qc5 
Rd7 28.e5 Qxa2 29.Qxc6 Qd5 30.Qxd5 Rxd5 31.Ra1 1/2-1/2

[Event "23rd EUR-ch"]
[Site "Vrnjacka Banja SRB"]
[Date "2023.03.05"]
[Round "3.9"]
[White "Gumularz, Szymon"]
[Black "Cheparinov, Ivan"]
[Result "1/2-1/2"]
[WhiteElo "2558"]
[BlackElo "2661"]
[EventDate "2023.03.03"]
[PlyCount "57"]

1.c4 e5 2.g3 c6 3.Nf3 e4 4.Nd4 d5 5.cxd5 Qxd5 6.Nc2 Nf6 7.Nc3 Qe5 8.Bg2 
Na6 9.a3 Nc5 10.b4 Nb3 11.Rb1 Nxc1 12.Qxc1 Bf5 13.Ne3 Bg6 14.b5 Be7 15.
bxc6 bxc6 16.Ncd5 O-O 17.Qc3 Qd6 18.Nxe7+ Qxe7 19.O-O Rfd8 20.Rfc1 h5 21.
h4 Rab8 22.Rxb8 Rxb8 23.Bh3 Nd5 24.Qxc6 Nxe3 25.dxe3 Qxa3 26.Kg2 Qb2 27.
Qc7 Kh7 28.Qxa7 Rb5 29.Rc5 1/2-1/2

[Event "23rd EUR-ch"]
[Site "Vrnjacka Banja SRB"]
[Date "2023.03.05"]
[Round "3.10"]
[White "Parligras, Mircea-Emilian"]
[Black "Grandelius, Nils"]
[Result "1/2-1/2"]
[WhiteElo "2554"]
[BlackElo "2658"]
[EventDate "2023.03.03"]
[PlyCount "53"]

1.d4 d5 2.c4 c6 3.Nf3 Nf6 4.Nc3 dxc4 5.a4 Bf5 6.Ne5 e6 7.f3 Bb4 8.e4 Bxe4 
9.fxe4 Nxe4 10.Bd2 Qxd4 11.Nxe4 Qxe4+ 12.Qe2 Bxd2+ 13.Kxd2 Qd5+ 14.Kc1 b5 
15.axb5 cxb5 16.Qe3 O-O 17.Be2 Nd7 18.Nxd7 Qxd7 19.Bf3 Rad8 20.Rxa7 Qd6 
21.g3 Qb4 22.Rd1 g6 23.Rad7 Rxd7 24.Rxd7 Qa5 25.Ra7 Qb4 26.Rd7 Qa5 27.Ra7 
1/2-1/2

[Event "23rd EUR-ch"]
[Site "Vrnjacka Banja SRB"]
[Date "2023.03.05"]
[Round "3.11"]
[White "Korobov, Anton"]
[Black "Stremavicius, Titas"]
[Result "1-0"]
[WhiteElo "2658"]
[BlackElo "2544"]
[EventDate "2023.03.03"]
[PlyCount "81"]

1.e4 c5 2.Nf3 Nc6 3.d4 cxd4 4.Nxd4 e5 5.Nb5 d6 6.c4 Be6 7.Bd3 Nf6 8.N5c3 
g6 9.O-O Bg7 10.Nd5 Nd7 11.Nbc3 O-O 12.Be3 Nd4 13.Rc1 Rc8 14.Re1 Nb6 15.
Nxb6 Qxb6 16.b3 Qa5 17.Qd2 Qa3 18.Nb5 Nxb5 19.cxb5 h5 20.h3 Kh7 21.Bc4 
Bxc4 22.bxc4 Qa4 23.Qxd6 Rxc4 24.Qd5 Rxc1 25.Rxc1 Bh6 26.Bc5 Qxb5 27.Rd1 
Rg8 28.Qxf7+ Bg7 29.Bxa7 Qa4 30.Rd6 Qxe4 31.Be3 b5 32.Rd7 Qf5 33.Qe7 Qb1+ 
34.Kh2 Qf5 35.Rc7 b4 36.Qxb4 g5 37.Qd6 Re8 38.a4 Re6 39.Qd7 Qg6 40.a5 g4 
41.Qf7 1-0

[Event "23rd EUR-ch"]
[Site "Vrnjacka Banja SRB"]
[Date "2023.03.05"]
[Round "3.12"]
[White "Maurizzi, Marc`Andria"]
[Black "Ponomariov, Ruslan"]
[Result "0-1"]
[WhiteElo "2535"]
[BlackElo "2655"]
[EventDate "2023.03.03"]
[PlyCount "154"]

1.e4 c5 2.Nf3 d6 3.d4 cxd4 4.Nxd4 Nf6 5.Nc3 a6 6.h4 e5 7.Nb3 Be7 8.Bg5 
Nbd7 9.a4 h6 10.Be3 b6 11.Bc4 Bb7 12.Nd2 Nc5 13.Bxc5 dxc5 14.Qf3 O-O 15.
Rd1 Qc8 16.Nf1 b5 17.Nd5 Bd8 18.Nxf6+ Bxf6 19.Bd5 Bxd5 20.Rxd5 bxa4 21.Ne3
c4 22.Nf5 c3 23.bxc3 Qc4 24.Nd6 Qc6 25.c4 Rad8 26.c5 Be7 27.Qd3 Bxd6 28.
cxd6 f5 29.exf5 Rxf5 30.Qxf5 Qxd5 31.O-O Qxd6 32.Ra1 Rf8 33.Qe4 Rf4 34.
Qa8+ Kh7 35.g3 Rc4 36.Qf3 e4 37.Qf7 Rd4 38.h5 Rd1+ 39.Rxd1 Qxd1+ 40.Kh2 
Qg4 41.c4 a3 42.c5 e3 43.fxe3 Qe2+ 44.Kh3 Qc2 45.Qe6 Qxc5 46.Qe4+ Kg8 47.
Qe8+ Qf8 48.Qe6+ Qf7 49.Qc8+ Kh7 50.Qc2+ Kh8 51.Qc8+ Qg8 52.Qxa6 a2 53.Kh2
Qd5 54.Qc8+ Kh7 55.Qc2+ Kg8 56.Qc8+ Kf7 57.Qc7+ Kf6 58.Qb6+ Ke5 59.Qb2+ 
Kd6 60.Qb4+ Kc7 61.Qf4+ Kd7 62.Qa4+ Kd8 63.Kg1 Qd2 64.Qa8+ Kc7 65.Qa7+ Kc6
66.Qa4+ Kc5 67.Qa3+ Kc4 68.Qa4+ Kd3 69.Qb3+ Ke2 70.Qb5+ Kd1 71.Qa4+ Kc1 
72.Qa3+ Qb2 73.Qc5+ Kb1 74.Qf5+ Qc2 75.Qb5+ Kc1 76.Qe5 Qb1 77.Qc3+ Kd1 0-1

[Event "23rd EUR-ch"]
[Site "Vrnjacka Banja SRB"]
[Date "2023.03.05"]
[Round "3.13"]
[White "Nasuta, Grzegorz"]
[Black "Donchenko, Alexander"]
[Result "1-0"]
[WhiteElo "2535"]
[BlackElo "2653"]
[EventDate "2023.03.03"]
[PlyCount "107"]

1.e4 e5 2.Nf3 Nc6 3.Bb5 a6 4.Ba4 Nf6 5.O-O Be7 6.d3 b5 7.Bb3 d6 8.a3 Na5 
9.Ba2 c5 10.Nc3 Be6 11.Bg5 O-O 12.b4 Nc6 13.Nd5 Rc8 14.bxc5 dxc5 15.Ne3 
Qd6 16.a4 Rfd8 17.axb5 axb5 18.Qb1 Rb8 19.Bxe6 Qxe6 20.Qb2 c4 21.Nf5 h6 
22.Ra6 Bf8 23.Bh4 g6 24.Nxe5 Qxe5 25.Qxe5 Nxe5 26.Bxf6 gxf5 27.Bxe5 Rbc8 
28.Bf6 cxd3 29.cxd3 Rxd3 30.exf5 h5 31.h3 Rd5 32.g4 hxg4 33.hxg4 Rc4 34.f3
Rc2 35.Rf2 Rd1+ 36.Kg2 Rxf2+ 37.Kxf2 Rd6 38.Rxd6 Bxd6 39.Ke3 Kf8 40.Kd4 
Ke8 41.Kd5 Ba3 42.Bd4 Kd7 43.Bc5 Bc1 44.Bb4 Bb2 45.Kc5 Ke7 46.Kxb5+ Kf6 
47.Bd6 Kg7 48.Kc6 Bc1 49.Kd7 Bg5 50.Ke8 Bf6 51.Bf8+ Kg8 52.Be7 Be5 53.g5 
Bd4 54.f6 1-0

[Event "23rd EUR-ch"]
[Site "Vrnjacka Banja SRB"]
[Date "2023.03.05"]
[Round "3.14"]
[White "Nguyen Thai Dai Van"]
[Black "Dvirnyy, Danyyil"]
[Result "1-0"]
[WhiteElo "2651"]
[BlackElo "2531"]
[EventDate "2023.03.03"]
[PlyCount "187"]

1.d4 Nf6 2.c4 e6 3.Nf3 d5 4.g3 Be7 5.Bg2 O-O 6.O-O c6 7.Nc3 a5 8.Re1 Nbd7 
9.Nd2 e5 10.dxe5 Nxe5 11.cxd5 Nxd5 12.Nxd5 cxd5 13.Nf3 Nxf3+ 14.Bxf3 Be6 
15.Be3 Bf6 16.Bd4 Rc8 17.Qd2 Bxd4 18.Qxd4 Rc4 19.Qd2 Qb6 20.b3 Rb4 21.Red1
d4 22.Rac1 Rd8 23.Qf4 a4 24.bxa4 Rxa4 25.Rb1 Rb4 26.Rxb4 Qxb4 27.Qc7 Rc8 
28.Qxb7 Qa4 29.e3 Qxa2 30.exd4 Qa3 31.Bd5 Rd8 32.Bxe6 fxe6 33.Re1 Rxd4 34.
Rxe6 Rd8 35.Re7 Qc3 36.Qe4 Qa1+ 37.Kg2 Qa8 38.Rb7 Rb8 39.Rxb8+ Qxb8 40.h4 
h6 41.Qd5+ Kh8 42.g4 Qf4 43.Qe6 Qd4 44.Qe8+ Kh7 45.Qe6 Kh8 46.g5 hxg5 47.
hxg5 g6 48.Kg3 Kg7 49.Qe7+ Kg8 50.Qe6+ Kg7 51.Qe3 Qd6+ 52.Qf4 Qd3+ 53.f3 
Qc2 54.Qe5+ Kf7 55.Qd5+ Kg7 56.Qb7+ Kg8 57.Qd5+ Kg7 58.Qb7+ Kg8 59.Qe4 
Qc7+ 60.f4 Kh7 61.Qh1+ Kg8 62.Qd5+ Kh7 63.Kf3 Qe7 64.Qe5 Qb4 65.Qc7+ Kg8 
66.Qd8+ Kg7 67.Qf6+ Kh7 68.Qf7+ Kh8 69.Qf6+ Kh7 70.Ke3 Qc4 71.Qd6 Qc2 72.
Kd4 Kg7 73.Qd7+ Kg8 74.Qe8+ Kg7 75.Qe7+ Kg8 76.Qd8+ Kg7 77.Qd7+ Kg8 78.Ke5
Qc3+ 79.Qd4 Qc8 80.Qd5+ Kg7 81.Qd4 Kg8 82.Qd5+ Kg7 83.Qd6 Qf5+ 84.Kd4 Qc2 
85.Kd5 Kf7 86.Qd7+ Kf8 87.Qd8+ Kf7 88.Qd7+ Kf8 89.Ke5 Qc3+ 90.Qd4 Qa5+ 91.
Qd5 Qe1+ 92.Kd6 Qe3 93.Qa8+ Kg7 94.Qb7+ 1-0

[Event "23rd EUR-ch"]
[Site "Vrnjacka Banja SRB"]
[Date "2023.03.05"]
[Round "3.15"]
[White "Stocek, Jiri"]
[Black "Gledura, Benjamin"]
[Result "1/2-1/2"]
[WhiteElo "2534"]
[BlackElo "2637"]
[EventDate "2023.03.03"]
[PlyCount "64"]

1.d4 d5 2.c4 c6 3.Nf3 Nf6 4.Qb3 dxc4 5.Qxc4 Bf5 6.g3 e6 7.Bg2 Be7 8.O-O 
O-O 9.Rd1 Nbd7 10.e3 Rc8 11.Qe2 Bg6 12.Bd2 Qb6 13.Be1 c5 14.Nc3 cxd4 15.
exd4 Bb4 16.a3 Bxc3 17.bxc3 Be4 18.c4 Rfe8 19.a4 Qa6 20.Bf1 b6 21.a5 Qb7 
22.Ra3 e5 23.dxe5 Bxf3 24.Qxf3 Qxf3 25.Rxf3 Nxe5 26.Re3 Nxc4 27.Rxe8+ Nxe8
28.Bxc4 Rxc4 29.axb6 axb6 30.Rd8 Kf8 31.Bd2 Ke7 32.Rb8 Rc6 1/2-1/2

[Event "23rd EUR-ch"]
[Site "Vrnjacka Banja SRB"]
[Date "2023.03.05"]
[Round "3.16"]
[White "Kacharava, Nikolozi"]
[Black "Rakhmanov, Alexander"]
[Result "1-0"]
[WhiteElo "2531"]
[BlackElo "2635"]
[EventDate "2023.03.03"]
[PlyCount "79"]

1.e4 d5 2.exd5 c6 3.d4 cxd5 4.Bd3 Nf6 5.h3 Nc6 6.c3 e5 7.dxe5 Nxe5 8.Qe2 
Qe7 9.Bb5+ Bd7 10.Bf4 O-O-O 11.Qxe5 Qxe5+ 12.Bxe5 Re8 13.Be2 Rxe5 14.Nf3 
Re8 15.Nbd2 Bc5 16.a4 Bf5 17.Nb3 Bd3 18.Nxc5 Bxe2 19.Kd2 b6 20.Nd3 Bxd3 
21.Kxd3 Ne4 22.Raf1 Nc5+ 23.Kd2 a5 24.b4 Nxa4 25.Rb1 Kc7 26.Nd4 axb4 27.
cxb4 Kd7 28.Rhc1 Rc8 29.Nb5 g6 30.Ra1 Rxc1 31.Rxc1 Nb2 32.Rc7+ Ke6 33.Kc3 
Nc4 34.Kd4 Ne5 35.f4 Nc4 36.g4 Ra8 37.Rc6+ Kd7 38.Rc7+ Ke6 39.Rxc4 dxc4 
40.Nc7+ 1-0

[Event "23rd EUR-ch"]
[Site "Vrnjacka Banja SRB"]
[Date "2023.03.05"]
[Round "3.17"]
[White "Sargsian, Shant"]
[Black "Kourkoulos-Arditis, Stamatis"]
[Result "0-1"]
[WhiteElo "2630"]
[BlackElo "2520"]
[EventDate "2023.03.03"]
[PlyCount "168"]

1.d4 d5 2.c4 e6 3.Nf3 a6 4.Bg5 Be7 5.Bxe7 Nxe7 6.Nbd2 O-O 7.Rc1 Nd7 8.e3 
b6 9.cxd5 Nxd5 10.Bd3 Bb7 11.O-O c5 12.a3 Rc8 13.Ne4 Qe7 14.Qe2 b5 15.dxc5
Nxc5 16.Nxc5 Rxc5 17.Nd2 Rfc8 18.Rxc5 Qxc5 19.Ne4 Qc6 20.f3 Qb6 21.Re1 Nf4
22.Qf1 Rd8 23.Nf2 Nxd3 24.Nxd3 Bd5 25.Nf4 Bc4 26.Qf2 g6 27.h4 Qd6 28.Ne2 
Qd2 29.Nd4 Qxf2+ 30.Kxf2 e5 31.b3 exd4 32.bxc4 bxc4 33.exd4 Rxd4 34.Re8+ 
Kg7 35.Rc8 Rxh4 36.Ke3 h5 37.f4 g5 38.fxg5 Rg4 39.Kf3 Kg6 40.Rc5 Rd4 41.
Ke3 Rg4 42.Kf3 c3 43.Rxc3 Ra4 44.g3 Kxg5 45.Rc5+ f5 46.Rc3 a5 47.Kg2 Rd4 
48.Kh3 a4 49.Rf3 Kf6 50.Rc3 Kg5 51.Rf3 h4 52.Rc3 hxg3 53.Rxg3+ Kf4 54.Rc3 
Ke4 55.Kh4 Ke5+ 56.Kh5 Re4 57.Rc5+ Kf4 58.Ra5 Re5 59.Ra8 Kg3 60.Rg8+ Kf3 
61.Rc8 f4+ 62.Kh4 Re1 63.Rc3+ Re3 64.Rc4 Re4 65.Rc2 Re3 66.Rc4 Rxa3 67.Kg5
Ke3 68.Rxf4 Ra2 69.Rh4 a3 70.Rh3+ Ke4 71.Kh5 Ra1 72.Kh4 Kf5 73.Rf3+ Ke4 
74.Rh3 Kf4 75.Rh2 Rf1 76.Kh3 Kf3 77.Kh4 Kf4 78.Kh3 Rf3+ 79.Kh4 Rc3 80.Rf2+
Ke3 81.Kg3 Kd3 82.Kf4 Rc4+ 83.Ke5 Ra4 84.Rf3+ Ke2 0-1

[Event "23rd EUR-ch"]
[Site "Vrnjacka Banja SRB"]
[Date "2023.03.05"]
[Round "3.18"]
[White "Yilmazyerli, Mert"]
[Black "Abasov, Nijat"]
[Result "1/2-1/2"]
[WhiteElo "2525"]
[BlackElo "2625"]
[EventDate "2023.03.03"]
[PlyCount "42"]

1.Nf3 Nf6 2.g3 c5 3.c4 Nc6 4.Nc3 d5 5.d4 cxd4 6.Nxd4 e5 7.Nxc6 bxc6 8.Bg2 
d4 9.Ne4 Bb4+ 10.Bd2 Rb8 11.O-O O-O 12.Bxb4 Rxb4 13.b3 Nxe4 14.Bxe4 Bh3 
15.Re1 Qd6 16.Qd2 f5 17.c5 Qd7 18.Bh1 Rbb8 19.Rad1 Rbd8 20.Qd3 Qe6 21.e3 
Qf6 1/2-1/2

[Event "23rd EUR-ch"]
[Site "Vrnjacka Banja SRB"]
[Date "2023.03.05"]
[Round "3.19"]
[White "Kovalev, Vladislav"]
[Black "Gharibian, Mamikon"]
[Result "1/2-1/2"]
[WhiteElo "2623"]
[BlackElo "2491"]
[EventDate "2023.03.03"]
[PlyCount "59"]

1.e4 e5 2.Nf3 Nc6 3.Bb5 a6 4.Ba4 Nf6 5.O-O Be7 6.d3 b5 7.Bb3 d6 8.a3 O-O 
9.Nc3 Na5 10.Ba2 Be6 11.b4 Bxa2 12.Nxa2 Nc6 13.c4 Nd4 14.Bb2 Nxf3+ 15.Qxf3
Qd7 16.Rac1 c6 17.Rc2 Qe6 18.Qf5 Qxf5 19.exf5 Rfc8 20.Rfc1 c5 21.bxc5 Rxc5
22.d4 Rxc4 23.Rxc4 bxc4 24.dxe5 dxe5 25.Rxc4 Rd8 26.g4 h5 27.g5 Ng4 28.Bc1
e4 29.Rxe4 Bc5 30.Kg2 1/2-1/2

[Event "23rd EUR-ch"]
[Site "Vrnjacka Banja SRB"]
[Date "2023.03.05"]
[Round "3.20"]
[White "Brunello, Sabino"]
[Black "Svane, Rasmus"]
[Result "1/2-1/2"]
[WhiteElo "2512"]
[BlackElo "2620"]
[EventDate "2023.03.03"]
[PlyCount "41"]

1.e4 e5 2.Nf3 Nc6 3.Bb5 Nf6 4.O-O Nxe4 5.Re1 Nd6 6.Nxe5 Be7 7.Bf1 Nxe5 8.
Rxe5 O-O 9.Nc3 Ne8 10.Nd5 Bd6 11.Re1 c6 12.Ne3 Be7 13.Nf5 Bf6 14.Qe2 d5 
15.Ne7+ Kh8 16.Nxc8 Rxc8 17.d3 Rc7 18.c3 Re7 19.Qd1 Rxe1 20.Qxe1 Nd6 21.
Bf4 1/2-1/2

[Event "23rd EUR-ch"]
[Site "Vrnjacka Banja SRB"]
[Date "2023.03.05"]
[Round "3.21"]
[White "Gorshtein, Ido"]
[Black "Kuzubov, Yuriy"]
[Result "1-0"]
[WhiteElo "2498"]
[BlackElo "2616"]
[EventDate "2023.03.03"]
[PlyCount "145"]

1.Nf3 d5 2.c4 e6 3.g3 Nf6 4.Bg2 Be7 5.d4 O-O 6.Nc3 dxc4 7.Ne5 c5 8.dxc5 
Qxd1+ 9.Nxd1 Bxc5 10.Be3 Bb4+ 11.Nc3 Nd5 12.Bd2 Bxc3 13.bxc3 b5 14.a4 f6 
15.Ng4 Bb7 16.O-O a6 17.Rfb1 Nd7 18.axb5 axb5 19.Rxa8 Rxa8 20.Rxb5 Ra1+ 
21.Bf1 Bc6 22.Rb2 Nc5 23.f3 Nb3 24.e4 Nb6 25.Kf2 Bb5 26.Ne3 Kf7 27.Be1 Na4
28.Rc2 Na5 29.Be2 Ke7 30.Rd2 Nb3 31.Rc2 Nc1 32.Bd2 Nxe2 33.Kxe2 Nc5 34.Rc1
Ra2 35.Rc2 Ra8 36.Rb2 Nb3 37.Nc2 Ra4 38.g4 g5 39.Ke3 e5 40.Nb4 Ra1 41.Ra2 
Rh1 42.Ra7+ Kd6 43.Rb7 Ba4 44.Rb6+ Kd7 45.Rb7+ Kc8 46.Rxh7 Rd1 47.Ra7 Bb5 
48.Ra2 Rh1 49.h3 Rxh3 50.Be1 Kb7 51.Nd5 Rh6 52.Bf2 Bc6 53.Nb4 Bd7 54.Ra6 
Nc5 55.Rd6 Ba4 56.Nd5 Nd3 57.Rb6+ Kc8 58.Rxf6 Rh2 59.Bg3 Rh3 60.Nb6+ Kc7 
61.Nxa4 Rxg3 62.Nb6 Nb2 63.Kf2 Rh3 64.Kg2 Rh8 65.Nd5+ Kd7 66.Rf5 Nd3 67.
Rxg5 Rb8 68.Rg7+ Ke6 69.g5 Rb2+ 70.Kg3 Ne1 71.Ne3 Re2 72.Nf5 Rg2+ 73.Kh3 
1-0

[Event "23rd EUR-ch"]
[Site "Vrnjacka Banja SRB"]
[Date "2023.03.05"]
[Round "3.22"]
[White "Gorodetzky, David"]
[Black "Warmerdam, Max"]
[Result "1/2-1/2"]
[WhiteElo "2488"]
[BlackElo "2614"]
[EventDate "2023.03.03"]
[PlyCount "69"]

1.e4 c5 2.Nf3 Nc6 3.c3 Nf6 4.e5 Nd5 5.Bc4 Nb6 6.Bb3 c4 7.Bc2 g6 8.O-O Bg7 
9.Qe2 d5 10.exd6 Qxd6 11.Na3 Be6 12.b3 cxb3 13.axb3 O-O 14.d4 Rac8 15.Bb2 
Bd5 16.Nc4 Qc7 17.Ne3 e5 18.dxe5 Nxe5 19.Nd4 Nc6 20.Nxc6 Qxc6 21.Rxa7 Rfe8
22.Qd1 Rcd8 23.Nxd5 Rxd5 24.Qc1 Bxc3 25.Bd1 Bxb2 26.Qxb2 Qb5 27.Bf3 Rde5 
28.Raa1 Nd5 29.g3 Nb4 30.Rad1 Nc6 31.Kg2 Na5 32.b4 Nc6 33.Qc3 R5e7 34.Bxc6
bxc6 35.Rfe1 1/2-1/2